MARC

LEADER 00000nam0a2200000 4500
001 251699
005 20231101232700.0
010 |a 5283020037 
020 |a RU  |b 89-27659 
035 |a (RuTPU)RU\TPU\book\274007 
090 |a 251699 
100 |a 20140224d1989 k a0rusy5003 ca 
101 0 |a rus 
102 |a RU 
105 |a a z 001zy 
200 1 |a Автоматизация и механизация специальных технологических процессов электромашиностроения  |e сборник научных трудов  |f Всесоюзный научно-исследовательский и проектно-конструкторский институт технологии электромашиностроения (ВНИИТэлектромаш) ; под ред. В. Г. Костромина 
210 |a Москва  |c Энергоатомиздат  |d 1989 
215 |a 72 с.  |c ил. 
320 |a Библиогр. в конце ст. 
606 1 |a Электромашиностроение  |x Автоматизация  |2 stltpush  |3 (RuTPU)RU\TPU\subj\20217  |9 45333 
610 1 |a механизация 
610 1 |a коллекторы 
610 1 |a обмотки 
610 1 |a статоры 
610 1 |a технологическое оборудование 
610 1 |a НИОКР 
610 1 |a патентно-информационные ресурсы 
675 |a 621.313.002:65.011.56  |z rus  |v 3 
702 1 |a Костромин  |b В. Г.  |g Виктор Григорьевич  |4 340 
712 0 2 |a Всесоюзный научно-исследовательский и проектно-конструкторский институт технологии электромашиностроения (ВНИИТэлектромаш)  |2 stltpush  |3 (RuTPU)RU\TPU\col\18229 
801 0 |a RU  |b RuMRKP  |c 19950417  |g psbo 
801 1 |a RU  |b 63413507  |c 20140224 
801 2 |a RU  |b 63413507  |c 20140325  |g RCR 
942 |c BK